[Event "Bengaluru Namma op 2nd"]
[Site "Bengaluru"]
[Date "2025.04.17"]
[Round "9"]
[White "John Veny, Akkarakarn"]
[Black "Anadkat, Kartavya"]
[Result "1-0"]
[WhiteElo "2350"]
[BlackElo "2187"]
[PlyCount "71"]
[EventDate "2025.04.10"]
[EventType "swiss"]
[EventRounds "10"]
[EventCountry "IND"]
[SourceTitle "CB18_2025"]
[SourceDate "2025.04.30"]
[SourceVersion "1"]
[SourceVersionDate "2025.04.30"]
[SourceQuality "1"]

1. e4 e5 2. Nf3 Nc6 3. Bb5 a6 4. Ba4 Nf6 5. 0-0 Nxe4 6. d4 b5 7. Bb3 d5 8. dxe5 Be6 9. Qe2 Be7 10. c3 Nc5 11. Bc2 d4 12. cxd4 Nxd4 13. Nxd4 Qxd4 14. Rd1 Qc4 15. Nc3 Qxe2 16. Nxe2 0-0 17. Be3 Rfd8 18. Nd4 Bd5 19. Nf5 Bf8 20. f3 Ne6 21. Kf2 c5 22. Rd2 g6 23. Nd6 Bxd6 24. exd6 Bc6 25. g4 Kf8 26. f4 Rac8 27. Re1 Bb7 28. d7 Ra8 29. Rd6 Nd4 30. Bxd4 cxd4 31. f5 Ra7 32. f6 a5 33. a4 Ra6 34. Rxa6 Bxa6 35. Re7 b4 36. Bb3 1-0

[Event "IND-chT 44th"]
[Site "Ahmedabad"]
[Date "2025.03.06"]
[Round "2.3"]
[White "Anadkat, Kartavya"]
[Black "Aronyak, Ghosh"]
[Result "0-1"]
[WhiteElo "2175"]
[BlackElo "2530"]
[PlyCount "78"]
[EventDate "2025.03.05"]
[EventType "team-swiss"]
[EventRounds "9"]
[EventCountry "IND"]
[SourceTitle "CB12_2025"]
[SourceDate "2025.03.19"]
[SourceVersion "1"]
[SourceVersionDate "2025.03.19"]
[SourceQuality "1"]
[WhiteTeam "Gujarat"]
[BlackTeam "Railway Sport PB"]
[WhiteTeamCountry "IND"]
[BlackTeamCountry "IND"]

1. e4 c6 2. d4 d5 3. e5 Bf5 4. h4 h5 5. Bd3 Qd7 6. Ne2 Bxd3 7. Qxd3 e6 8. Nd2 c5 9. c3 Nc6 10. Nf3 cxd4 11. Nexd4 Nge7 12. Bg5 Nxd4 13. Nxd4 Ng6 14. Nf3 Rc8 15. 0-0 Be7 16. Bxe7 Nxe7 17. g3 Nf5 18. Nd4 Nxd4 19. cxd4 0-0 20. Rfc1 Rc6 21. Rxc6 Qxc6 22. Qe2 Qa4 23. Qd2 Rc8 24. b3 Qc6 25. Rd1 Qc2 26. Kf1 Qe4 27. Qd3 Qxd3+ 28. Rxd3 Rc2 29. a4 Kh7 30. Kg2 Kg6 31. Kf3 Kf5 32. Kg2 Ke4 33. Rf3 Rc7 34. Rf4+ Kd3 35. f3 a5 36. g4 Ke3 37. Kg3 g5 38. Rf6 gxh4+ 39. Kxh4 hxg4 0-1

[Event "Chennai op 15th"]
[Site "Chennai"]
[Date "2025.01.09"]
[Round "10"]
[White "Mohamed, Anees M"]
[Black "Anadkat, Kartavya"]
[Result "1-0"]
[WhiteElo "2334"]
[BlackElo "2139"]
[PlyCount "95"]
[EventDate "2025.01.02"]
[EventType "swiss"]
[EventRounds "10"]
[EventCountry "IND"]
[SourceTitle "CB03_2025"]
[SourceDate "2025.01.15"]
[SourceVersion "1"]
[SourceVersionDate "2025.01.15"]
[SourceQuality "1"]

1. e4 e5 2. Nf3 Nc6 3. Bb5 a6 4. Ba4 Nf6 5. 0-0 Be7 6. Re1 b5 7. Bb3 0-0 8. h3 Bb7 9. d3 d5 10. exd5 Nxd5 11. Nxe5 Nxe5 12. Rxe5 Qd6 13. Re1 c5 14. Nd2 Rae8 15. Ne4 Qc6 16. c4 Nb6 17. f3 Bh4 18. Rf1 Kh8 19. Bf4 Rd8 20. Qc2 b4 21. Be3 Be7 22. a3 f5 23. Nd2 a5 24. axb4 axb4 25. Rfd1 Bf6 26. Nf1 Bd4 27. Bxd4 Rxd4 28. Qf2 f4 29. Bc2 Nc8 30. Nd2 Ne7 31. Nb3 Nf5 32. Ra5 Rdd8 33. Rxc5 Qh6 34. Re1 Ne3 35. Re5 Rde8 36. Rxe8 Rxe8 37. d4 Bc8 38. Bd3 Rd8 39. d5 Re8 40. Nd4 Qg5 41. Kh2 Qf6 42. Nc2 g6 43. b3 Qe5 44. Be4 Bf5 45. Nxe3 fxe3+ 46. Qg3 Qd4 47. Qf4 Bxh3 48. Kxh3 1-0

[Event "New Delhi Skillcraft op 1st"]
[Site "New Delhi"]
[Date "2024.11.18"]
[Round "5"]
[White "Shaurya, Chaudhary"]
[Black "Anadkat, Kartavya"]
[Result "0-1"]
[WhiteElo "1896"]
[BlackElo "2142"]
[PlyCount "100"]
[EventDate "2024.11.16"]
[EventType "swiss"]
[EventRounds "9"]
[EventCountry "IND"]
[SourceTitle "CB47_2024"]
[SourceDate "2024.11.20"]
[SourceVersion "1"]
[SourceVersionDate "2024.11.20"]
[SourceQuality "1"]

1. e4 e5 2. Nf3 Nc6 3. Nc3 Nf6 4. d4 exd4 5. Nxd4 Bb4 6. Nxc6 bxc6 7. Bd3 0-0 8. 0-0 d5 9. exd5 cxd5 10. Bg5 c6 11. Qf3 Rb8 12. Ne2 Bg4 13. Bxf6 Bxf3 14. Bxd8 Bxe2 15. Bxe2 Rfxd8 16. Rad1 Ba5 17. b3 c5 18. c4 d4 19. g3 Bc3 20. Bd3 Rb6 21. Rc1 Ra6 22. Rc2 Re8 23. Kg2 g6 24. f4 f5 25. Rff2 Re3 26. Rf3 Rae6 27. Rcf2 Be1 28. Rxe3 Rxe3 29. Re2 Rxd3 30. Rxe1 Rd2+ 31. Kh3 Rxa2 32. Re5 Ra5 33. b4 Ra4 34. Rxc5 Rxb4 35. Rc8+ Kf7 36. Rc7+ Ke6 37. Rxh7 Rxc4 38. Rxa7 d3 39. Ra1 Kd5 40. Kh4 Ke4 41. Kg5 Rc6 42. h3 d2 43. Ra4+ Kd5 44. Ra5+ Ke4 45. Ra4+ Ke3 46. Ra3+ Kd4 47. Ra4+ Kd3 48. Ra3+ Rc3 49. Ra8 Ke2 50. Ra2 Rxg3+ 0-1

[Event "New Delhi Skillcraft op 1st"]
[Site "New Delhi"]
[Date "2024.11.16"]
[Round "1"]
[White "Surender, Kumar2"]
[Black "Anadkat, Kartavya"]
[Result "0-1"]
[WhiteElo "1450"]
[BlackElo "2142"]
[PlyCount "116"]
[EventDate "2024.11.16"]
[EventType "swiss"]
[EventRounds "9"]
[EventCountry "IND"]
[SourceTitle "CB47_2024"]
[SourceDate "2024.11.20"]
[SourceVersion "1"]
[SourceVersionDate "2024.11.20"]
[SourceQuality "1"]

1. e4 e5 2. Bc4 Nf6 3. Nc3 Bc5 4. d3 0-0 5. a3 c6 6. h3 d5 7. exd5 cxd5 8. Ba2 h6 9. Nge2 Nc6 10. Ng3 Be6 11. 0-0 Qd7 12. Kh2 Qe7 13. f3 Rad8 14. Nce2 Rfe8 15. c3 Bb6 16. d4 exd4 17. Nxd4 Nxd4 18. cxd4 Bc7 19. f4 Bc8 20. Bd2 Ng4+ 21. Kh1 Ne3 22. Bxe3 Qxe3 23. Rf3 Qe7 24. Qd3 Qf6 25. Raf1 g6 26. f5 g5 27. Nh5 Qd6 28. Kg1 Re4 29. Re3 Rxe3 30. Qxe3 Qh2+ 31. Kf2 Bxf5 32. Bxd5 Bg6 33. Nf6+ Kh8 34. Rd1 Qd6 35. Ne8 Qf4+ 36. Qxf4 Bxf4 37. Nf6 Kg7 38. Bxb7 Kxf6 39. b4 Bc7 40. Kf3 Bb6 41. d5 Ke5 42. a4 Be4+ 43. Kg3 Bxd5 44. Re1+ Kf6 45. Rf1+ Kg7 46. Ba6 Be4 47. a5 Bc7+ 48. Kf2 f5 49. g4 Bf4 50. gxf5 Rd2+ 51. Be2 Bd3 52. Re1 Kf6 53. Kf3 Bxf5 54. h4 Bg6 55. hxg5+ hxg5 56. Kg4 Rb2 57. b5 Rb3 58. Rg1 Bf5+ 0-1

[Event "Hyderabad Varas op"]
[Site "Hyderabad"]
[Date "2024.10.18"]
[Round "7"]
[White "Neelash, Saha"]
[Black "Anadkat, Kartavya"]
[Result "0-1"]
[WhiteElo "2467"]
[BlackElo "2102"]
[PlyCount "82"]
[EventDate "2024.10.15"]
[EventType "swiss"]
[EventRounds "9"]
[EventCountry "IND"]
[SourceTitle "CB43_2024"]
[Source "Chessbase"]
[SourceDate "2024.10.23"]
[SourceVersion "1"]
[SourceVersionDate "2024.10.23"]
[SourceQuality "1"]

1. d4 Nf6 2. c4 e6 3. Nf3 b6 4. g3 Ba6 5. b3 Bb4+ 6. Bd2 Be7 7. Bg2 d5 8. Ne5 0-0 9. 0-0 c5 10. Be3 Bb7 11. Nc3 Nc6 12. Nxc6 Bxc6 13. cxd5 exd5 14. h3 Qd7 15. Rc1 Rac8 16. Rc2 Rfd8 17. Rd2 h6 18. Qb1 Bb7 19. Rfd1 c4 20. Bf4 b5 21. bxc4 Rxc4 22. Qb2 Rdc8 23. Nb1 b4 24. g4 Bc6 25. f3 Ba4 26. Re1 Rc2 27. Qa1 Bd6 28. Be5 Qe7 29. e3 Nd7 30. f4 Nb6 31. Kh2 f6 32. Bxd6 Qxd6 33. Bf1 g5 34. Kg3 Nc4 35. Bxc4 R8xc4 36. Rde2 Bb5 37. h4 Rc7 38. Rd2 Qe6 39. hxg5 hxg5 40. fxg5 fxg5 41. a3 Bd7 0-1

[Event "Manikyanagar Chanchal Dad Memorial"]
[Site "Manikyanagar"]
[Date "2024.07.27"]
[Round "7"]
[White "Arshpreet, Singh"]
[Black "Anadkat, Kartavya"]
[Result "1/2-1/2"]
[WhiteElo "1970"]
[BlackElo "2102"]
[PlyCount "66"]
[EventDate "2024.07.24"]
[EventType "swiss"]
[EventRounds "9"]
[EventCountry "IND"]
[SourceTitle "EXT 2025"]
[Source "ChessBase"]
[SourceDate "2024.10.14"]
[SourceVersion "1"]
[SourceVersionDate "2024.10.14"]
[SourceQuality "1"]

1. e4 e5 2. Nf3 Nc6 3. Bb5 a6 4. Ba4 Nf6 5. 0-0 Be7 6. Re1 b5 7. Bb3 0-0 8. c3 d6 9. h3 Nb8 10. d4 Nbd7 11. Nbd2 Bb7 12. Bc2 Re8 13. Nf1 Bf8 14. Ng3 a5 15. a4 b4 16. Bb3 h6 17. Ba2 g6 18. Qb3 d5 19. Nxe5 Nxe5 20. dxe5 Rxe5 21. f4 Re8 22. e5 Nd7 23. Qc2 Nc5 24. f5 Qh4 25. Kh2 Ra6 26. cxb4 axb4 27. Be3 b3 28. Bxb3 Nxb3 29. Qxb3 Qb4 30. Qd3 Qc4 31. Qxc4 dxc4 32. Bd4 gxf5 33. Nxf5 Rea8 1/2-1/2